Merged NFL Logos - Tile Select Version - Statistics

General Stats
  • This quiz has been taken 4,538 times
    3,941 since last reset
  • The average score is 147 of 160
Answer Stats
Question Tile Select % Correct
Arizona
Cardinals
No
99%
Atlanta
Falcons
No
99%
Houston
Texans
No
99%
New England
Patriots
No
99%
Philadelphia
Eagles
No
99%
Tampa Bay
Buccaneers
No
99%
Washington
Commanders
No
99%
Baltimore
Ravens
Yes
97%
New York
Jets
No
97%
Green Bay
Packers
No
96%
Indianapolis
Colts
No
96%
Kansas City
Chiefs
No
96%
Las Vegas
Raiders
No
96%
Los Angeles
Rams
No
96%
New York
Giants
No
96%
Cincinnati
Bengals
No
95%
Cleveland
Browns
No
95%
Arizona
Cardinals
No
94%
Buffalo
Bills
No
94%
Chicago
Bears
No
94%
Cincinnati
Bengals
No
94%
Detroit
Lions
Yes
94%
Detroit
Lions
No
94%
New England
Patriots
No
94%
New York
Jets
No
94%
Philadelphia
Eagles
No
94%
Seattle
Seahawks
No
94%
Washington
Commanders
No
94%
Atlanta
Falcons
No
93%
Carolina
Panthers
No
93%
Chicago
Bears
No
93%
Denver
Broncos
Yes
93%
Houston
Texans
No
93%
Kansas City
Chiefs
No
93%
Los Angeles
Chargers
No
93%
Los Angeles
Rams
No
93%
Minnesota
Vikings
No
93%
New England
Patriots
No
93%
San Francisco
49ers
No
93%
Tennessee
Titans
No
93%
Washington
Commanders
No
93%
Baltimore
Ravens
No
92%
Baltimore
Ravens
No
92%
Buffalo
Bills
No
92%
Buffalo
Bills
Yes
92%
Carolina
Panthers
No
92%
Chicago
Bears
Yes
92%
Cleveland
Browns
No
92%
Cleveland
Browns
No
92%
Dallas
Cowboys
No
92%
Dallas
Cowboys
No
92%
Denver
Broncos
No
92%
Green Bay
Packers
No
92%
Houston
Texans
No
92%
Houston
Texans
No
92%
Indianapolis
Colts
No
92%
Jacksonville
Jaguars
Yes
92%
Jacksonville
Jaguars
No
92%
Las Vegas
Raiders
No
92%
Los Angeles
Rams
No
92%
Miami
Dolphins
No
92%
Miami
Dolphins
No
92%
Minnesota
Vikings
No
92%
New England
Patriots
No
92%
New Orleans
Saints
No
92%
New Orleans
Saints
No
92%
New York
Giants
Yes
92%
New York
Jets
No
92%
Philadelphia
Eagles
No
92%
Pittsburgh
Steelers
No
92%
Pittsburgh
Steelers
No
92%
San Francisco
49ers
Yes
92%
Seattle
Seahawks
No
92%
Tampa Bay
Buccanneers
No
92%
Tennessee
Titans
No
92%
Tennessee
Titans
No
92%
Washington
Commanders
No
92%
Arizona
Cardinals
Yes
91%
Arizona
Cardinals
No
91%
Arizona
Cardinals
No
91%
Atlanta
Falcons
No
91%
Atlanta
Falcons
No
91%
Baltimore
Ravens
No
91%
Baltimore
Ravens
No
91%
Buffalo
Bills
No
91%
Buffalo
Bills
No
91%
Chicago
Bears
No
91%
Chicago
Bears
No
91%
Cincinnati
Bengals
Yes
91%
Cincinnati
Bengals
No
91%
Cleveland
Browns
Yes
91%
Cleveland
Browns
No
91%
Dallas
Cowboys
Yes
91%
Dallas
Cowboys
No
91%
Denver
Broncos
No
91%
Denver
Broncos
No
91%
Detroit
Lions
No
91%
Detroit
Lions
No
91%
Green Bay
Packers
No
91%
Green Bay
Packers
Yes
91%
Houston
Texans
Yes
91%
Indianapolis
Colts
No
91%
Jacksonville
Jaguars
No
91%
Kansas City
Chiefs
Yes
91%
Kansas City
Chiefs
No
91%
Kansas City
Chiefs
No
91%
Las Vegas
Raiders
No
91%
Las Vegas
Raiders
No
91%
Los Angeles
Chargers
No
91%
Los Angeles
Rams
No
91%
Minnesota
Vikings
No
91%
New York
Giants
No
91%
New York
Giants
No
91%
New York
Jets
No
91%
New York
Jets
No
91%
Pittsburgh
Steelers
No
91%
Pittsburgh
Steelers
No
91%
San Francisco
49ers
No
91%
Seattle
Seahawks
No
91%
Seattle
Seahawks
No
91%
Tampa Bay
Buccaneers
Yes
91%
Tampa Bay
Buccaneers
No
91%
Tampa Bay
Buccaneers
No
91%
Tennessee
Titans
No
91%
Atlanta
Falcons
Yes
90%
Carolina
Panthers
Yes
90%
Carolina
Panthers
No
90%
Cincinnati
Bengals
No
90%
Dallas
Cowboys
No
90%
Denver
Broncos
No
90%
Detroit
Lions
No
90%
Green Bay
Packers
No
90%
Indianapolis
Colts
Yes
90%
Indianapolis
Colts
No
90%
Jacksonville
Jaguars
No
90%
Los Angeles
Chargers
Yes
90%
Los Angeles
Chargers
No
90%
Miami
Dolphins
Yes
90%
Miami
Dolphins
No
90%
Miami
Dolphins
No
90%
Minnesota
Vikings
Yes
90%
Minnesota
Vikings
No
90%
New England
Patriots
Yes
90%
New Orleans
Saints
Yes
90%
New Orleans
Saints
No
90%
New Orleans
Saints
No
90%
Philadelphia
Eagles
Yes
90%
San Francisco
49ers
No
90%
San Francisco
49ers
No
90%
Washington
Commanders
No
90%
Houston
Texans
No
89%
Las Vegas
Raiders
Yes
89%
Los Angeles
Chargers
No
89%
Philadelphia
Eagles
No
89%
Pittsburgh
Steelers
Yes
89%
Seattle
Seahawks
Yes
89%
Washington
Commanders
Yes
89%
Los Angeles
Rams
Yes
88%
New York
Jets
Yes
88%
Tennessee
Titans
Yes
88%
No matching quizzes found
Score Distribution
Percent of People with Each Score
Percentile by Number Answered
Your Score History
You have not taken this quiz since the last reset